Odsunuté děti /

Hlavní autor: Toman, Marek, 1967-
Další autoři: Blažek, Jan, 1977-, Bachorík, Jakub, 1994-, Rutová, Magdalena, 1988-, Setinský, Stanislav, 1985-, Loubat, Františka, 1986-, Janíček, Jindřich, 1990-
Jazyk: Čeština
Vydáno: Praha : Post Bellum :Argo, 2025
Vydání: Druhé vydání
Témata:
Fyzický popis: 131 stran : ilustrace (převážně barevné), portréty ; 30 cm
Knihy
Uloženo v:
LEADER 02900nam a2200733 i 4500
001 nkc20253710678
003 CZ PrNK
005 20260309103822.0
007 ta
008 250929s2025 xr ac g 6 000 1ccze
015 |a cnb003710678 
020 |z 978-80-907404-7-1  |q (Post Bellum ;  |q brožováno) 
020 |a 978-80-257-4699-8  |q (Argo ;  |q brožováno) 
035 |a (OCoLC)1559932143 
040 |a BOA001  |b cze  |d ABA001  |e rda 
043 |a e-xr---  |a e-cs---  |a e-gx--- 
045 |a x4x4 
072 7 |a 741.52  |x Komiksy. Komiksové adaptace  |2 Konspekt  |9 21 
072 7 |a 929  |x Biografie  |2 Konspekt  |9 8 
080 |a 741.52(0:82-322.6)  |2 MRF 
080 |a 741.52(0:82-321.6)  |2 MRF 
080 |a 316.346.32-053.2  |2 MRF 
080 |a (=112.2)  |2 MRF 
080 |a 314.151.1(=112.2)  |2 MRF 
080 |a 364-786-054.72  |2 MRF 
080 |a 929  |2 MRF 
080 |a (437.3)  |2 MRF 
080 |a (437)  |2 MRF 
080 |a (430)  |2 MRF 
080 |a (092)741.52  |2 MRF 
080 |a (093)741.52  |2 MRF 
100 1 |a Toman, Marek,  |d 1967-  |7 js20020204004  |4 aut 
245 1 0 |a Odsunuté děti /  |c scénáře a texty: Marek Toman, Jan Blažek ; nakreslili: Jakub Bachorík, Magdalena Rutová, Stanislav Setinský, Františka Loubat, Jindřich Janíček 
250 |a Druhé vydání 
264 1 |a Praha :  |b Post Bellum :  |b Argo,  |c 2025 
300 |a 131 stran :  |b ilustrace (převážně barevné), portréty ;  |c 30 cm 
336 |a text  |b txt  |2 rdacontent 
336 |a statický obraz  |b sti  |2 rdacontent 
337 |a bez média  |b n  |2 rdamedia 
338 |a svazek  |b nc  |2 rdacarrier 
648 7 |a 1945-1948  |7 ch460655  |2 czenas 
650 0 7 |a děti  |7 ph114392  |z Česko  |y 1945-1948  |2 czenas 
650 0 7 |a Němci  |7 ph117943  |z Česko  |y 1945-1948  |2 czenas 
650 0 7 |a odsun Němců  |7 ph809856  |z Československo  |y 1945-1948  |2 czenas 
650 0 7 |a integrace imigrantů  |7 ph164956  |z Německo  |y 1945-1948  |2 czenas 
650 0 9 |a children  |z Czechia  |y 1945-1948  |2 eczenas 
650 0 9 |a Germans  |z Czechia  |y 1945-1948  |2 eczenas 
650 0 9 |a displacement of Germans  |z Czechoslovakia  |y 1945-1948  |2 eczenas 
650 0 9 |a integration of immigrants  |z Germany  |y 1945-1948  |2 eczenas 
655 7 |a biografické komiksy  |7 fd1057461  |2 czenas 
655 7 |a historické komiksy  |7 fd1057475  |2 czenas 
655 9 |a biographical comics  |2 eczenas 
655 9 |a historical comics  |2 eczenas 
700 1 |a Blažek, Jan,  |d 1977-  |7 ola20211128379  |4 aut 
700 1 |a Bachorík, Jakub,  |d 1994-  |7 ola20191021461  |4 ill 
700 1 |a Rutová, Magdalena,  |d 1988-  |7 mzk2016930624  |4 ill 
700 1 |a Setinský, Stanislav,  |d 1985-  |7 xx0070752  |4 ill 
700 1 |a Loubat, Františka,  |d 1986-  |7 jo2010568594  |4 ill 
700 1 |a Janíček, Jindřich,  |d 1990-  |7 mzk2015853974  |4 ill 
910 2 |a BOA001  |b 4-1550.144 
990 |a BK 
995 |a 01 
991 |b 202510  |c NOV 
996 6 |b 2611014404  |c 4-1550.144  |l MZK  |r Sklad / do 1 hodiny  |n 0  |p p.v.  |w 002019840  |u 000010  |a 1  |e BOA001  |j MZK50  |s P